000 00524nam a2200181 a 4500
001 10040
003 CO-ViMGA
008 141112s2004 ck r 000 u spa d
020 _a9586481689
040 _aCO-ViMGA
_bspa
_cCO-ViMGA
082 0 4 _aR364.33 V15d
100 1 _aAlvarez Diaz Granados ; Francisco Javier,
_912583
245 1 0 _aDiccionario Básico de Criminalística
260 _aSantafé de Bogotá :
_bEcoe ediciones,
_c1998
300 _a123p.
650 1 4 _aCRIMINOLOGIA - DICCIONARIOS
_912584
942 _2ddc
_cBK
999 _c21416
_d21416